|
|
|
|
| LEADER |
00000nab a2200000 a 4500 |
| 001 |
vtls000310397 |
| 003 |
SK-MaSNL |
| 005 |
20260311224925.0 |
| 008 |
140505c1977 xo 0 slo |
| 015 |
|
|
|a SNBRB19rr/mm-uuuuu
|
| 035 |
|
|
|a CL0000489
|
| 040 |
|
|
|a SNKBUCL
|b slo
|c SNKBUCL
|e AACR2
|
| 041 |
0 |
|
|a slo
|
| 044 |
|
|
|a xo
|c SK
|
| 080 |
|
|
|a 347.7
|2 1981
|
| 100 |
1 |
|
|a Jančo, Anton
|4 aut
|9 5283
|
| 245 |
1 |
0 |
|a Obhajoba kandidátskej dizertačnej práce JUDr. Pavla Matesa
|c Anton Jančo
|
| 650 |
0 |
7 |
|a priemysel
|2 snkbucl
|9 1618
|
| 650 |
0 |
7 |
|a znárodnenie
|2 snkbucl
|9 49988
|
| 650 |
0 |
7 |
|a dizertácie
|2 snkbucl
|9 4040
|
| 651 |
|
7 |
|a Československo
|2 snkbucl
|9 21376
|
| 655 |
|
7 |
|a články z novín a časopisov
|2 snkbucl
|9 267496
|
| 773 |
0 |
|
|t Právny obzor
|g Roč. 60, č. 10 (1977), s. 953-954
|
| 787 |
0 |
8 |
|i Rec.:
|a Mates, Pavel
|t K právní stránce zespolečenštění prumyslu v Československu v letech 1945-1947
|
| 850 |
|
|
|a Slovenská národná knižnica v Martine
|a MTA001
|
| 852 |
|
|
|a SNK
|b KIS3GCP
|
| 958 |
|
|
|a RK
|
| 992 |
|
|
|a RBX
|
| 999 |
|
|
|c 3263299
|d 3265229
|